Jakie autobusy zatrzymują się na tym przystanku? Q1 - Statystyki

Ogólne statystyki
  • Ten quiz został rozwiązany 30 razy
    25 od ostatniego zresetowania
  • Średni wynik to 17 z 20
Statystyki odpowiedzi
Przystanek Linie % Poprawnych
Botaniczna 8 / 27 / 38 / 39 / 44 / 102 / N3
94%
Lwowska 0 / 6 / 14 / 29 / 38 / N4
88%
1 Maja 10 / 14 / 27 / 44 / N1 / N4
88%
Lechitów 12 / 101
88%
Urząd Miasta 1 / 6 / 12 / 25 / 26 / 30 / 101
88%
Przylep Osiedlowa 2 / 20
88%
Zatonie Parkowa 2 / 30
88%
Rondo Batorego 5 / 9 / 19 / 29 / 39 / N2
88%
Staszica 0 / 1 / 5 / 8 / 19 / 21 / 22 / 27 / 29 / 44 / N1 / N2 / N3
81%
Wiśniowa 0 / 2 / 8 / 9 / 10 / 14 / 39 / 102 / N1 / N3 / N4
81%
Batorego/Dworcowa 0 / 5 / 6 / 8 / 12 / 19 / 20 / 27 / 29 / 44 / N2 / N3
81%
Elektronowa 0 / 6
81%
Drzonków Wiewiórcza 10 / 30
81%
Zawiszy Czarnego 1 / 2 / 9 / N3
81%
Chynowska 21 / 22
81%
Augustowska 25 / 26 / 38
81%
Kiełpin Las 9 / 27
81%
Kręta 12 / 39
75%
Herberta 2 / 14 / 26 / 39
75%
Drzewna 101
69%
Nie znaleziono quizów pasujących do podanych kryteriów
Rozkład punktacji
Procent ludzi z każdym wynikiem
Percentyl według liczby udzielonych odpowiedzi
Twoja historia wyników
Nie rozwiązałeś tego quizu od ostatniego zresetowania